o-Deklination (2. Deklination): Substantive auf -um - Statistiken

Allgemein
  • Dieses Quiz wurde 60 mal gespielt
  • Das Durchschnittsergebnis liegt bei 11 aus 12
Antwortstatistiken
Hint Antwort % Korrekt
Nom. Sg. dōnum
97%
Gen. Sg. dōnī
94%
Dat. Sg. dōnō
94%
Abl. Sg. dōnō
94%
Akk. Sg. dōnum
94%
Dat. Pl. dōnīs
91%
Abl. Pl. dōnīs
91%
Nom. Pl. dōna
88%
Gen. Pl. dōnōrum
88%
Akk. Pl. dōna
84%
Vok. Pl. (dōna)
78%
Vok. Sg. (dōnum)
78%
Keine übereinstimmenden Quizze gefunden
Verteilung der Resultate
Anzahl Personen mit jedem Resultat
Perzentil nach korrekt beantworteten Fragen
Ihre Resultats-Entwicklung
Sie haben dieses Quiz noch nicht gespielt